| 000 | 00513nam a2200181Ia 4500 | ||
|---|---|---|---|
| 003 | GCL | ||
| 008 | 140319s9999 xx 000 0 eng d | ||
| 040 |
_aGCL / _cGCL |
||
| 082 | 0 | 4 |
_a210 _bT D |
| 100 | 1 | _aTWEYMAN, STANLEY | |
| 245 | 1 | 0 |
_aDAVI HUME: DIALOGUES CONCERNING NATURAL RELIGION IN FOCUS / _cTWEYMAN, STANLEY |
| 260 |
_a[S.N] : _bROUTLEDGE ، _c1991 |
||
| 300 | _a226 P | ||
| 490 |
_aROUTLEDGE PHILOSOPHERS IN FOCUS SERIES _v0 |
||
| 650 | 0 | 4 | _aTHEOLOGY |
| 650 | 0 | 4 | _aNATURAL THEOLOGY |
| 942 |
_2ddc _cBK |
||
| 999 |
_c21049 _d21049 |
||